Ranking Dart PDC Order of Merit TOP 100 - Statystyki

Ogólne statystyki
  • Ten quiz został rozwiązany 112 razy
  • Średni wynik to 44 z 100
Statystyki odpowiedzi
Nr. Zawodnik % Poprawnych
3 Michael Van Gerwen
97%
5 Gerwyn Price
95%
26 Krzysztof Ratajski
95%
84 Adam Smith-Neale
93%
2 Michael Smith
93%
1 Luke Humphries
92%
25 Luke Littler
92%
7 Peter Wright
89%
14 Ross Smith
89%
4 Nathan Aspinall
87%
6 Rob Cross
84%
21 Gary Anderson
83%
16 Stephen Bunting
83%
10 Johny Clayton
80%
11 Dimitri Van Den Bergh
73%
24 Gabriel Clemens
72%
9 Damon Heta
69%
33 Gian Van Veen
68%
23 Martin Schindler
68%
12 Danny Noppert
65%
20 Josh Rock
65%
13 Chris Dobey
64%
28 Daryl Gurney
64%
7 Dave Chisnall
64%
40 Mike De Decker
64%
27 Brendan Dolan
63%
32 Ricardo Pietreczko
63%
19 Ryan Searle
63%
17 Dirk Van Duijvenbode
61%
22 James Wade
61%
29 Raymond Van Barneveld
61%
18 Andrew Gilding
59%
15 Joe Cullen
59%
35 Kim Huybrechts
55%
85 Ronny Huybrechts
55%
37 Madars Razma
53%
42 Jim Williams
52%
30 Jose De Sousa
52%
31 Scott Williams
52%
46 William O'Connor
51%
36 Ryan Joyce
49%
45 Simon Whitlock
49%
51 Cameroon Menzies
48%
41 Jermaine Wattimena
48%
33 Luke Woodhouse
48%
53 Mickey Mansell
47%
48 Ritchie Edhouse
44%
64 Adrian Lewis
43%
73 Karel Sedlacek
43%
67 Lee Evans
43%
43 Ricky Evans
43%
50 Rawby-John Rodriguez
41%
63 Ian White
40%
44 Alan Soutar
39%
96 Dom Taylor
39%
49 Keane Barry
39%
37 Callan Rydz
37%
62 Mervyn King
36%
89 Thibault Tricole
36%
65 Adam Gawlas
35%
60 Florian Hempel
35%
92 Jeffrey De Graaf
35%
54 Kevin Doets
35%
56 Boris Krcmar
33%
92 Vessel Nijman
33%
55 Richard Veenstra
29%
47 Steve Beaton
29%
52 Matt Campbell
27%
78 Robert Owen
25%
59 Ryan Meikle
25%
66 Niels Zonneveld
24%
61 Vincent Van Der Voort
24%
80 Nick Kenny
23%
99 Steve Lennon
23%
92 Christian Perez
19%
70 Daniel Kuivenhoven
19%
68 Dylan Slevin
19%
69 Jeffrey De Zwaan
16%
90 Berry Van Peer
15%
88 James Hurrell
15%
57 Mensur Sujlovic
15%
98 Andy Baetens
13%
100 Chris Landman
12%
91 Danny Van Trijp
11%
58 Jamie Hughes
11%
73 Keeran Brown
11%
75 Arron Monk
9%
81 Graham Usher
9%
82 Jurjen Van Den Velde
9%
87 Owen Roelofs
9%
77 Graham Hall
8%
83 Josh Payne
8%
95 Robbie Knops
8%
97 Adam Warner
7%
86 Geert Nentjes
7%
76 Jeffrey Sparidaans
7%
79 Pascal Rupprecht
7%
39 Martin Lukehouse
5%
72 Stephen Burthon
4%
70 Maik Hoven
3%
Nie znaleziono quizów pasujących do podanych kryteriów
Rozkład punktacji
Procent ludzi z każdym wynikiem
Percentyl według liczby udzielonych odpowiedzi
Twoja historia wyników
Nie rozwiązałeś tego quizu